000
00276nam a22001217a 4500
008
160521b xxu||||| |||| 00| 0 eng d
020
_a
9780072324815
020
_a
0072324813
041
_a
eng
080
_a
579
245
_a
Human biology:
_c
Sylvia S. Mader;
942
_2
udc
_c
BK
999
_c
2340
_d
2340